Kuzey Kıbrıs Türk Cumhuriyeti Genel Kültür - Statistics

General Stats
  • This quiz has been taken 38 times
  • The average score is 11 of 14
Answer Stats
Question Answer % Correct
Aşağıdakilerden hangisi Kıbrıs'ın başkentidir? Lefkoşa
100%
Kıbrıs adası hangi denizde yer alır? Akdeniz
97%
Aşağıdaki şehirlerden hangisi Kuzey Kıbrıs’tadır? Girne
97%
Kıbrıs'ta hangi hayvan vardır? Carretta Carretta
89%
Kıbrıs adasında hangisinin hiç egemenliği olmadı? Rus İmparatorluğu
89%
Kıbrıs Barış Harekâtı sırasında Türkiye Cumhuriyeti Başbakanı kimdi? Bülent Ecevit
86%
Aşağıdakilerden hangisi Kıbrıs mutfağına ait bir yemek değilldir? Lazanya
83%
1974 yılında Türkiye’nin Kıbrıs’a gerçekleştirdiği askeri harekâtın adı nedir? Barış Harekâtı
80%
Aşağıdakilerden hangisi KKTC'li değildir? Emel Sayın
74%
Kıbrıs hangi yıl Osmanlı Devleti tarafından fethedilmiştir? 1571
71%
Kuzey Kıbrıs Türk Cumhuriyeti (KKTC) hangi yıl ilan edilmiştir? 1983
71%
Kıbrıs’ta İngiliz yönetimi resmen hangi yıl başlamıştır? 1878
63%
Kıbrıs’ta iki toplum arasında Birleşmiş Milletler kontrolünde bulunan ara bölgenin adı nedir? Yeşil Hat
63%
Aşağıdakilerden hangisi KKTC Cumhurbaşkanı olmamıştır? Dr. Fazıl Küçük
40%
No matching quizzes found
Score Distribution
Percent of People with Each Score
Percentile by Number Answered
Your Score History
You have not taken this quiz